000 00663nam a2200229Ia 4500
001 15149
003 GE_BSU
008 181216s||||||||xx |||||||||||||| ||und||
040 _cGE_BSU
080 _a821.353.1-32
100 _aლომიძე,ანდრო
245 _aუძლეველი ძალა
245 _bმოთხრობები
245 _cრედ:დ.ჭოლოკავა
260 _aთბილისი
260 _bფედერაცია
260 _c1942
300 _a104გვ.14სმ.
653 _aმოთხრობები
653 _aუძლეველი ძალა
942 _cBK
999 _c48264
_d48264